| 000 | 00852nam a2200241 4500 | ||
|---|---|---|---|
| 005 | 20020327112551.0 | ||
| 008 | 710422s1970 enk b 000 0 eng | ||
| 010 | _aENG-92718 | ||
| 020 |
_c78.00 _a9788177357288 |
||
| 020 |
_c78.00 _a817735728X |
||
| 035 | _aEN-76251 | ||
| 037 | _bDBAD / PUB | ||
| 040 |
_adpl _bEnglish |
||
| 082 | _a523.1 | ||
| 100 | _aKarthika, U. | ||
| 245 |
_aA step to the universe / _cby U. Karthika |
||
| 260 |
_aChennai _bPavai Publications _c2008 |
||
| 270 |
_a#142, J.J.K. Road, Royapettah, _bChennai _e 600014 |
||
| 300 |
_a158p.: _c22cm (pbk) _bill. |
||
| 500 | _aIncludes references | ||
| 942 |
_2ddc _cEN _mKAR _h523.1 |
||
| 999 |
_c22689 _d22689 |
||